| 000 | 00733nam a22001935i 4500 | ||
|---|---|---|---|
| 001 | 159916 | ||
| 003 | ES-MaACL | ||
| 005 | 20250802063117.0 | ||
| 008 | 020920s1892 sp |||| | spa d | ||
| 040 |
_aCCPB | B _bspa _cCCPB | B |
||
| 100 | 1 |
_aMollá Rodrigo, Rafael, _d1862-1930 _982047 |
|
| 245 | 1 | 0 |
_aTallas y litotricias _b: (juicio crítico) / _cpor Rafael Mollá. |
| 260 |
_aValencia : _b[s.n.], _c1892 ( _fimprenta de Manuel Alufre) |
||
| 300 |
_a30 p. ; _c23 cm. |
||
| 594 | 1 | _aPrecede al tít.: "Tesis del doctorado" | |
| 650 | 4 |
_aAparato genitourinario- _xCirugía. _9135582 |
|
| 852 |
_aES-MaACL _jT-526-F-8 _z-- Enc. hol. conservando la cub. original _z-- Enc. en un vol. facticio |
||
| 999 |
_c159916 _d159916 |
||